000 00491nam a2200181 a 4500
001 000008200
003 OSt
005 20260321073638.0
008 090915s1976 dr 001 0 spa d
040 _aDO-SdBNP
_bspa
_cBNPHU
049 _aBNPD
082 _axxx
_bB742c
100 1 _a Bosch, Juan,
_d1909-2001
_976555
245 1 0 _aDe la concordia a la corrupción /
_cJuan Bosch.
260 _aSanto Domingo :
_bEdiciones Vanguardia,
_c1976.
300 _a53 p. ;
_c21 cm.
942 _2ddc
_cLBS1
999 _c7974
_d7974